| 000 | 00980nam a2200265 i 4500 | ||
|---|---|---|---|
| 001 | 147491 | ||
| 003 | ES-MaACL | ||
| 005 | 20260525062935.0 | ||
| 007 | t| | ||
| 008 | 071001s1956 sp ||||1| spa d | ||
| 080 | _a821.134.2 Cervantes Saavedra, Miguel de 7 Quijote.07 | ||
| 100 | 1 |
_aUnamuno, Miguel de, _d1864-1936 _9111982 |
|
| 245 | 1 | 0 |
_aVida de Don Quijote y Sancho según Miguel de Cervantes Saavedra / _cexplicada y comentada por Miguel de Unamuno. |
| 250 | _a10ª ed. | ||
| 260 |
_aMadrid : _bEspasa-Calpe, _c1956. |
||
| 300 |
_a230 p. ; _c18 cm. |
||
| 490 | 1 |
_aColección austral ; _v33 |
|
| 530 | _aDisponible en formato digital. | ||
| 600 | 1 | 4 |
_aCervantes Saavedra, Miguel de, _d1547-1616. _tDon Quijote de la Mancha _937612 |
| 830 | 1 |
_aColección austral _v33 _9177655 |
|
| 852 |
_aES-MaACL _jC-11477 _cSPAL |
||
| 856 | 4 |
_uhttp://bdh-rd.bne.es/viewer.vm?id=0000206130&page=1 _yBiblioteca Digital Hispánica |
|
| 942 | _2udc | ||
| 999 |
_c147491 _d147491 |
||